Motiye Dian Kalian / (Record no. 37099)
[ view plain ]
| 000 -LEADER | |
|---|---|
| fixed length control field | 00382nam a22001577a 4500 |
| 005 - DATE AND TIME OF LATEST TRANSACTION | |
| control field | 20250916161111.0 |
| 008 - FIXED-LENGTH DATA ELEMENTS--GENERAL INFORMATION | |
| fixed length control field | 250916b |||||||| |||| 00| 0 eng d |
| 082 ## - DEWEY DECIMAL CLASSIFICATION NUMBER | |
| Classification number | 891.4 |
| Item number | AZR-M |
| 100 ## - MAIN ENTRY--AUTHOR | |
| Author Name | Azra Nasir |
| 245 ## - TITLE STATEMENT | |
| Title | Motiye Dian Kalian / |
| 260 ## - PUBLICATION, DISTRIBUTION, ETC. | |
| Place of Publication | pakistan: |
| Name of publisher, distributor, etc. | elsevier; |
| Date of publication, distribution, etc. | 2000. |
| 300 ## - PHYSICAL DESCRIPTION | |
| Pages | xiv, 200 p. : |
| 650 ## - SUBJECT ADDED ENTRY--TOPICAL TERM | |
| Subject / Department | urdu litreature |
| 300 ## - PHYSICAL DESCRIPTION | |
| -- | 24 cm. |
| 952 ## - LOCATION AND ITEM INFORMATION (KOHA) | |
| -- | 0 |
| -- | 0 |
| Lost status | Damaged status | Collection code | Permanent Location | Current Location | Shelving Location | Date acquired | Full Call Number | Accession No./Barcode | Date last seen | item type | Koha item type |
|---|---|---|---|---|---|---|---|---|---|---|---|
| CS/IT | Superior Information Resource Center (SIRC) Superior University- Gold Campus | Superior Information Resource Center (SIRC) Superior University- Gold Campus | Urdu Litreature | 09/16/2025 | 891.4 AZR-M 2000 | 30400 | 09/16/2025 | BOOK | BOOK |
